Types of Energy - Statistics

General Stats
  • This quiz has been taken 285 times
  • The average score is 5 of 8
Answer Stats
Answer % Correct
Kinetic
78%
Heat
77%
Potential
60%
Chemical
57%
Nuclear
57%
Light
55%
Sound
53%
Electrical
45%
No matching quizzes found
Score Distribution
Percent of People with Each Score
Percentile by Number Answered
Your Score History
You have not taken this quiz